000 00813nam a2200241Ia 4500
003 OSt
005 20221005113046.0
006 a|||||r|||| 00| 0
007 ta
008 221004b |||||||| |||| 00| 0 pan d
020 _a8187654287 (hbk)
_c340
024 _a14624
037 _b898, 01/10/2014, H.K. Prakashan
_cTextual
040 _aCRL
_cCRL
_bpan
041 _2pan
_apan
082 _aP:795, 153Q4
100 _aਜਸਪਾਲ ਕੌਰ
245 0 _aਅਨੁਵਾਦ ਅਤੇ ਮੌਖਿਕ ਅਨੁਵਾਦ ਕਲਾ
260 _aਦਿੱਲੀ
_bਮਨਪ੍ਰੀਤ ਪ੍ਰਕਾFਨ ਭਾਰਤ
_c2014
300 _a182ਪੰ
_ccm.
942 _hP:795, 153Q4
_cTEXL
_2cc
999 _c1026907
_d1026907